Japanese Prefectures Shapes Quiz #3 - Statistics

General Stats
  • This quiz has been taken 14 times
  • The average score is 9 of 10
Answer Stats
Picture Answer % Correct
Aichi (愛知県)
100%
Hyogo (兵庫県)
91%
Osaka (大阪府)
91%
Shiga (滋賀県)
91%
Shizuoka (静岡県)
91%
Gifu (岐阜県)
82%
Kyoto (京都府)
82%
Mie (三重県)
82%
Nara (奈良県)
82%
Wakayama (和歌山県)
82%
No matching quizzes found
Score Distribution
Percent of People with Each Score
Percentile by Number Answered
Your Score History
You have not taken this quiz